Регионална библиотека "Любен Каравелов" - Русе

Публицистика 1875 - 1895 (Запис номер 10065)

MARC детайли
000 -Лидер
Контролно поле с фиксирана дължина 01292nam a2200337 c 4500
003 - Код на организацията, давaща контролен номер
Контролно поле BLK
005 - Дата и час на последна редакция
Контролно поле 20230504130922.0
008 - Елементи от данни с фиксирана дължина
fixed length control field 180412b bul|||||r ||||||| ||bul||
010 ## - Наследен системен номер
LC control number KNG00011517000
020 ## - Международен стандартен номер на книга ISBN
Международен стандартен номер на книга ISBN 954-419-057-0
-- издат.: Отечество
040 ## - Източник на каталожния запис
Идентификатор на билиотеката - собственик на записа BLK
041 ## - Код за език
Код за езика на текст/звукозапис или на отделно заглавие Български
Код за езика КДБФ Български
080 ## - УДК
Текстов определител УДК Българска литература
УДК код - определител по УДК 821.163.2
УДК определител -4
УДК - код + определител 821.163.2-4
139 ## - Редно поле
Редна дума Стамболов, Стефан Николов
Авторски знак Стамбо - С 65
245 10 - Сведения за заглавието
Заглавие Публицистика 1875 - 1895
Редно поле (дума) Стефан Николов Стамболов; състав. Димитър Иванов; състав. Милен Костадинов Куманов.
257 ## - Страна на издаване
Страна на създаване/издаване България
260 ## - Област на издателските данни
-- София
Име на издателя, разпространителя и проч. Отечество
Година на издаване 1996
300 ## - Физическа характеристика
Страници 584 с.
Размери/Мащаб 22 см
380 ## - Жанр
Жанр Худож. лит.
490 1# - СЕРИИ (Колекции)
Име на серия Поредица Български страници
500 ## - Общи забележки
Забележка 1 500 тир.
653 ## - Ключова дума – ненормативна
Ключова дума публицистика
700 1# - Други автори (авторска отговорност)
Лично име Иванов, Димитър
Автороска отговорност (Описва отношението между автора и произведението) състав.
9 (RLIN) 244226
700 1# - Други автори (авторска отговорност)
Лично име Куманов, Милен Костадинов
9 (RLIN) 364365
852 ## - Местоположение
Форматна сигнатура Цб 188113
856 4# - Електронен адрес и достъп
Електронен формат pdf - файл
Път до файла /url/
856 4# - Електронен адрес и достъп
Електронен формат pdf - файл
Път до файла /url/
942 ## - АРТИКУЛИ
Вид на библиотечния материал Книги
Скрит в OPAC Не
Koha issues (borrowed), all copies 1
944 ## - СЪЗДАВАНЕ И РЕДАКЦИЯ на ЗАПИСА
Създаване/Редакция Създаване
Дата на регистрацията/редакция 15.01.2003
Служител, извършил регистрацията/редакцията AB_DOS
944 ## - СЪЗДАВАНЕ И РЕДАКЦИЯ на ЗАПИСА
Създаване/Редакция Редакция
Дата на регистрацията/редакция 26.11.2016
Служител, извършил регистрацията/редакцията
999 ## - СИСТЕМНИ КОНТРОЛНИ НОМЕРА
Koha biblionumber 10065
Koha biblioitemnumber 10065
Наличности
Код за отписване Код за изгубен артикул Източник на класификационната схема Код за повреда Коз за рестрикции Код за отдаване Артикулен № Име на библиотеката - собственик Име на библиотеката, в която се намира в момента Статус (Текущо местоположение) Дата на вписване в системата Местоположение - отдел Цена в лева Инвентарен номер Систематично азбучна сигнатура Баркод Номер на екземпляра Цена в евро Служебен тип на артикула Служебна бележка
  Не е изгубен Universal Decimal Classification Не е повреден без рестрикции ползва се в читалня 17452 Регионална библиотека "Любен Каравелов" Русе Регионална библиотека "Любен Каравелов" Русе Хранилище 2001-01-01 Хранилище 2.34 621003 Цб 188113 120000621003 1 1.20 Книги  
  Не е изгубен Universal Decimal Classification Не е повреден без рестрикции заемане за дома 17453 Регионална библиотека "Любен Каравелов" Русе Регионална библиотека "Любен Каравелов" Русе Заемна - подръчен фонд 1996-01-01 Заемна - подръчен фонд 5.00 647805 П 886.7-4/С 65 120000647805 2 2.56 Книги N: стар фонд Дата: 01.01.1996 Дата инв: 12.02.2018 Бележки инв: П2018
Vip Innovations Ltd, Rousse, Bulgaria 2025